[Event "Moscow Tal Memorial 1st"]
[Site "Moscow"]
[Date "2006.11.07"]
[Round "2"]
[White "Morozevich, Alexander"]
[Black "Carlsen, Magnus"]
[Result "1/2-1/2"]
[WhiteElo "2747"]
[BlackElo "2698"]
[Annotator "Rogozenco,Dorian"]
[PlyCount "92"]
[EventDate "2006.11.06"]
[EventType "tourn"]
[EventRounds "9"]
[EventCountry "RUS"]
[EventCategory "20"]
[SourceTitle "CBM 116"]
[Source "ChessBase"]
[SourceDate "2007.02.01"]
[SourceVersion "1"]
[SourceVersionDate "2007.02.01"]
[SourceQuality "1"]

1. e4 c5 2. Nf3 Nc6 3. d4 cxd4 4. Nxd4 Nf6 5. Nc3 e5 6. Ndb5 d6 7. Bg5 a6 8. Na3 b5 9. Nd5 Be7 10. Nxe7 Nxe7 11. Bd3 {Played by Anand once long ago (well, the Indian GM tried virtually everything against Sveshnikov Sicilian), this variation gained popularity lately among several young and strong GMs. I can mention Naiditsch, Timofeev and Areshchenko.} Nd7 {Carlsen has his own view on the position. Usually Black starts with 11...b7. Another option is 11...d5.} 12. c4 $146 {Morozevich goes a new way already. In this variation White usually first blockades opponent's pawn on b5 (with b2-b4) and only then plays c2-c4.} ({Although Carlsen's previous experience had a happy end, his position in that game was highly suspicious, to say the least:} 12. O-O Nc5 13. b4 Nxd3 14. Qxd3 f6 15. Be3 d5 16. Bc5 dxe4 (16... d4 17. f4 O-O 18. fxe5 fxe5 19. Rxf8+ Qxf8 20. Qg3 $16) (16... Be6 17. f4 $5 exf4 18. Rae1 d4 19. e5 $36) 17. Qxe4 Qd5 18. Qe2 $1 (18. Qxd5 Nxd5 19. c4 $14) 18... Bb7 (18... Ng6 19. f4 $1 $16) 19. f3 Ng6 20. Rfd1 Nf4 21. Qf1 Qe6 22. c4 Kf7 (22... bxc4 $2 23. Nxc4 $18) 23. Rd6 Qf5 24. cxb5 axb5 25. Nxb5 Kg6 (25... Ba6 26. Qc4+ Kg6 27. a4 $16) 26. Rd2 Rhd8 27. Rxd8 Rxd8 28. Nd6 Rxd6 (28... Qd7 29. a4 $18) 29. Bxd6 Qg5 30. Kh1 h5 31. Bc5 $2 (31. a4 h4 32. h3 Qg3 33. Ra3 $18) 31... e4 32. Be3 $4 ({After} 32. a4 {[%cal Ga1a3] with the idea a3. White still should be winning.}) 32... exf3 33. gxf3 Qg4 $1 {0-1 Naiditsch,A (2657)-Carlsen,M (2625)/Wijk aan Zee 2006}) (12. b4 $5 h6 (12... O-O 13. O-O Nb6 14. c4 f6 15. Be3 Nxc4 16. Nxc4 bxc4 17. Bxc4+ Kh8 18. f3 $16 {1-0 Varga,Z (2540)-Pal,P (2285)/Zalakaros 1996 (32)}) 13. Be3 d5 14. exd5 Nxd5 15. Qf3 N7f6 (15... Bb7 $142 $13) 16. Bc5 Bg4 17. Qg3 Nf4 18. h3 Bh5 19. Nxb5 $1 Nxd3+ 20. cxd3 axb5 21. Qxe5+ Kd7 22. Qd6+ Kc8 23. Qc6+ Qc7 24. Qxa8+ Kd7 25. Qa7 $18 {½-½ Gurevich,I (2495)-Vaisser,A (2565)/London 1991 (58)}) 12... b4 13. Nc2 a5 {A similar pawn structure arises in the variation 10.xf6 xf6 11.c4 b4 12.c2 a5, which was actually played by Morozevich before as well (versus Leko in San Luis 2005). The difference is that here White has the dark-squared bishop instead of the knight on d5 and Black has a knight instead of the dark-squared bishop. This is not a problem for Black, since in the mentioned variation he is often happy to exchange his bishop for one of the opponent's knights. On the other hand White has the bishop pair here and Morozevich shows that this is an important factor. Black should play accurately in order to keep the equality.} 14. Ne3 f6 15. Bh4 O-O 16. O-O Nc5 17. f3 Be6 18. Re1 $146 ({RR} 18. Rc1 Qd7 19. Re1 Rac8 20. Bf2 Qb7 21. Bf1 Rfd8 22. Re2 Qb8 23. Rd2 Kf8 24. h4 h6 25. g3 Qb6 26. Kh2 Qb8 27. Bh3 Bxh3 28. Kxh3 Rc6 29. Kg2 Rdc8 30. h5 Nb7 31. b3 Qc7 32. Rcc2 Qd7 {Iordachescu,V (2567)-Grigore,G (2538) Predeal 2007 ½-½ (60)}) ({RR} 18. Bf2 Qb6 19. Rc1 g6 20. Qe2 Rfc8 21. Rfd1 Rc7 22. Rd2 b3 23. a3 Rac8 24. Bb1 Qa6 25. Qd1 Rd7 26. Bd3 a4 27. Bf1 f5 28. exf5 gxf5 29. Nd5 Bxd5 30. cxd5 Qa5 31. Rc3 Rdc7 32. Re2 Nd7 {Kaim,P (2269)-Jahncke,G (2154) Krakow 2012 ½-½ (38)}) 18... Qb8 {The pawn formation is of such a nature that it is difficult for either side to make real progress without creating severe weaknesses in their own positions.} 19. Bf1 Kh8 20. Re2 Rc8 21. Rd2 Ra6 {The only weakness on d6 is well protected. Morozevich finds a way to put some more pressure on Black's position, though.} 22. Rc1 Rac6 23. Bf2 Bf7 24. Nd5 $1 Nxd5 (24... Qb7 {allows White to activate his pieces:} 25. Bxc5 $5 dxc5 (25... Rxc5 26. Nxe7 Qxe7 27. Rxd6 $16) 26. Nxe7 Qxe7 27. Rd7 {and although after} Qe8 {this might be not so dangerous for Black, it looks pretty scary to play like that.}) 25. cxd5 ({After} 25. exd5 $6 R6c7 {Black has blockaded opponent's queenside pawn majority and later he can concentrate on making progress on the other side. It is White here who must hold the balance.}) 25... R6c7 26. Rdc2 $14 Be8 27. b3 Bd7 28. g4 $5 {With the open c-file White's actions on the kingside can hardly create serious problems for Black now, but nevertheless this is the only attempt to make some progress. Later White can choose the right moment to combine plans on both wings.} Kg8 29. Qe2 {Now Black will have to reckon always with the exchange on c5 followed by a6.} ({Deserved attention also} 29. Bc4 {trying to avoid exchanges on the c-file for the moment.}) 29... Nb7 {This is a somewhat unexpected decision, allowing White to penetrate with the queen. However, Carlsen shows a very concrete approach - the Norwegian considers that Black will have everything well protected and White won't be ableto achieve anything even after the activation of his queen.} (29... Qb7 $142 $14 {[%csl Ra6] /=}) 30. Rxc7 Rxc7 31. Rxc7 Qxc7 32. Qa6 Nc5 33. Qa8+ Kf7 34. h4 h6 35. Bc4 ({After} 35. Qh8 a4 36. bxa4 Nxa4 37. g5 hxg5 38. hxg5 fxg5 39. Qh5+ Kf8 40. Qxg5 (40. Qh8+ Kf7 41. Qh5+ $11) 40... Nc3 {Black creates counterplay on the queenside.}) 35... Be8 {Locking the queen on a8. White cannot release it easily, because the exchange on c5 obviously favours Black. However, Morozevich still has resources to fight.} 36. Be3 Ke7 37. g5 hxg5 38. hxg5 Kf7 39. Kg2 {This position will soon occur in the game again.} Ke7 40. Kg3 {The march of the king forwards brings nothing.} Kf7 41. Kg4 Ke7 42. Kh4 Kf7 43. Kh3 Ke7 44. Kg2 Kf7 {Second time, only that now it is White to move.} 45. Bd2 ({White had to try} 45. g6+ Ke7 $8 46. Bb5 (46. Bf1 Bxg6 47. Qg8 Bf7 48. Qxg7 Qc8 49. Bc4 Nd7 $11 {[%cal Gc8g8]} (49... Qg8 $2 50. Qxg8 Bxg8 51. Bxc5 dxc5 52. d6+ $18)) 46... Bxg6 (46... Bxb5 47. Qg8 Be8 48. Qxg7+ Kd8 49. Qh8 $18 {[%cal Gg6g7]}) 47. Qg8 Bf7 48. Qxg7 Qc8 (48... Qb8 $2 49. Bxc5 $1 dxc5 (49... Qxb5 50. Bxd6+ Kxd6 51. Qxf6+ $18) 50. Bc4 Qd6 51. Kf2 {and Black is close to zugzwang:} Ke8 52. Bb5+ Ke7 53. Ke1 Qd8 54. d6+ Qxd6 55. Bc4 $18) 49. Kf2 Qg8 50. Qh6 {and Black still must work before reaching the draw. Possibly Morozevich wanted to postpone his decision to complicate the position, eventually to bring the king on f2 first. But an unexpected thing happened...}) 45... Qb6 46. Be3 Qc7 {and Carlsen claimed the threefold repetition, wrongly accepted by the chief arbiter Geurt Gijssen. Morozevich signed the scoresheets and left the playing area. Soon it was discovered that the arbiter shouldn't have accepted Carlsen's claim, since in the first case (after 39.g2) it was Black's turn to move. Carlsen agreed to continue the game. However, Morozevich wasn't there anymore and later didn't want to resume the game... It is clear that the normal course of the battle was broken, even if the result would have been a draw anyway.} 1/2-1/2

[Event "Moscow Tal Memorial 1st"]
[Site "Moscow"]
[Date "2006.11.08"]
[Round "3"]
[White "Carlsen, Magnus"]
[Black "Mamedyarov, Shakhriyar"]
[Result "1/2-1/2"]
[WhiteElo "2698"]
[BlackElo "2728"]
[PlyCount "61"]
[EventDate "2006.11.06"]
[EventType "tourn"]
[EventRounds "9"]
[EventCountry "RUS"]
[EventCategory "20"]
[SourceTitle "CBM 116"]
[Source "ChessBase"]
[SourceDate "2007.02.01"]
[SourceVersion "1"]
[SourceVersionDate "2007.02.01"]
[SourceQuality "1"]

1. e4 c5 2. Nf3 e6 3. Nc3 a6 4. d4 cxd4 5. Nxd4 Nc6 6. Nxc6 bxc6 7. Bd3 d5 8. O-O Nf6 9. Re1 Be7 10. e5 Nd7 11. Qg4 g6 12. Na4 Qa5 13. Bh6 c5 14. b3 c4 15. Bf1 Bb7 16. Re3 Bc6 17. Qf4 Bxa4 $146 ({RR} 17... Qc7 18. Nb2 Bc5 19. Re2 Rb8 20. Nd1 Qa5 {½-½ (20) Khairullin,I (2543)-Svidler,P (2750) Moscow 2006}) 18. Rf3 O-O-O 19. Qxf7 Rhe8 20. bxa4 Bc5 21. Rb1 Qxa4 22. Bg5 Qc6 23. Bxd8 Nxe5 24. Rb8+ Kxb8 25. Bc7+ Qxc7 26. Qxe8+ Qc8 27. Qxc8+ Kxc8 28. Rh3 Ng4 29. Rf3 Ne5 30. Rh3 Ng4 31. Rf3 1/2-1/2

[Event "Moscow Tal Memorial 1st"]
[Site "Moscow"]
[Date "2006.11.10"]
[Round "4"]
[White "Svidler, Peter"]
[Black "Carlsen, Magnus"]
[Result "1/2-1/2"]
[WhiteElo "2750"]
[BlackElo "2698"]
[Annotator "Marin,Mihail"]
[PlyCount "57"]
[EventDate "2006.11.06"]
[EventType "tourn"]
[EventRounds "9"]
[EventCountry "RUS"]
[EventCategory "20"]
[SourceTitle "CBM 116"]
[Source "ChessBase"]
[SourceDate "2007.02.01"]
[SourceVersion "1"]
[SourceVersionDate "2007.02.01"]
[SourceQuality "1"]

1. e4 e5 2. Nf3 Nc6 3. Bb5 a6 4. Ba4 Nf6 5. O-O Be7 6. Re1 b5 7. Bb3 d6 8. c3 O-O 9. h3 Nb8 10. d4 Nbd7 11. Nbd2 Bb7 12. Bc2 Re8 13. a4 Bf8 14. Bd3 {If White does not wish to embark any long theoretical discussion, this variation looks like the best way to move the accent of the fight to the middlegame.} c6 15. b3 (15. Rb1 $5 $146 {1-0 Topalov,V (2813)-Mamedyarov,S (2728)/Hoogeveen 2006/CBM 115 [Marin, Mihail] (50)}) 15... Qc7 {Usually, Black transfers his king's bishop to g7 in this line. He can start doing that with or without developing the queen, although this can just lead to a transposition. In this game, Black has completely different plan, for which ...g6 is not useful at all.} (15... g6 16. Bb2 {1-0 Morozevich,A (2743)-Sasikiran,K (2666)/Biel 2004/CBM 102/[Wedberg] (35)} (16. Bf1 {1-0 Ponomariov,R (2722)-Sasikiran,K (2666)/Biel 2004/CBM 102/[Wedberg] (62)})) 16. Bb2 ({RR} 16. Qc2 Rac8 17. Bb2 Nh5 18. Bf1 Nf4 19. b4 Nb6 20. axb5 cxb5 21. dxe5 dxe5 22. Qb1 Rcd8 23. g3 Ne6 24. h4 Na4 25. Ra3 Rd7 26. Ba1 Red8 27. Qa2 Nb6 28. Bh3 Rd6 29. Qc2 Nd4 30. Qb1 Nxf3+ {Karjakin,S (2760)-Carlsen,M (2802) Moscow 2010 0-1 (31)}) 16... d5 $5 $146 {Quite curiously, this thematic break has never been played so far.} (16... g6 17. Qc2 Bg7 18. c4 (18. b4 Nb6 19. a5 Na4 20. Rac1 (20. Bc1 {[%cal Yg7a1]} exd4 21. cxd4 c5 $132) 20... Nxb2 21. Qxb2 Nd7 22. c4 bxc4 23. Bxc4 exd4 24. Qa2 Re7 25. Nb3 Ne5 $11 {Haag,E-Forintos,G/Budapest 1965/MCD (½-½, 33)}) (18. Bf1 Rac8 19. Rad1 Nb6 {Since the a4-pawn is safely defended, this move makes less sense now and just weakens Black's control over the centre.} (19... d5 $5) 20. c4 exd4 21. Bxd4 bxa4 22. e5 dxe5 23. Bxe5 Qe7 24. c5 Nbd7 25. Bd6 Qd8 26. bxa4 $16 {Vitomskis,J (2575)-Girod,F (2415)/LAT-SUI corr 1994/Corr 2000 (1-0, 29)}) 18... bxc4 (18... bxa4 19. c5 $5 axb3 20. Nxb3 exd4 21. cxd6 Qxd6 22. Na5 $36 {[%csl Gb7] Grigoriants,S (2313)-Platonov,E (2296)/Orel 1999/EXT 2001 (1-0, 42)}) 19. Bxc4 exd4 20. Bxd4 Re7 ({Black can also choose another move order of concentrating his forces against the e4-pawn.} 20... c5 {[%cal Yb7e4]} 21. Bc3 Re7 22. Qb2 Rae8 {[%csl Ye4]} 23. Rad1 h6 {The strong pressure against the e4-pawn restricts White's active possibilities.} 24. Bd3 Re6 25. Bc4 R6e7 {½-½ Hendriks,R-Girod,F/ICCF corr 1994/Corr 2000}) 21. b4 Rae8 22. Bd3 c5 23. Rac1 Qd8 (23... Nd5 $5 {[%csl Gd4,Ge1]}) 24. bxc5 Nxc5 25. Bxc5 dxc5 $13 {Aseev,K (2540)-Yemelin,V (2520)/Elista 1994/CBM 044 (½-½, 87)}) ({RR} 16... g6 17. Qc2 Bg7 18. c4 bxa4 19. c5 axb3 20. Nxb3 Bf8 21. cxd6 Bxd6 22. dxe5 Nxe5 23. Nxe5 Bxe5 24. Nc5 Nd7 25. Nxb7 Qxb7 26. Reb1 Qc7 27. Bxe5 Qxe5 28. Rc1 c5 29. Ra5 Qd4 30. Rd1 Qb4 31. Ra4 {Cahaya,S (2360)-Ervan,M (2383) Bandung INA 2025 ½-½ (36)}) 17. dxe5 $146 {Confronted with a relatively early opening surprise, White chooses the safe way.} ({The main alternative was} 17. exd5 Nxd5 18. Qc2 $5 {[%csl Gh7] not only connects rooks, but underlines the relative vulnerability of the black kingside too.} ({Now,} 18. dxe5 {involves a nice trap, but is not too dangerous otherwise.} Nf4 (18... Nxe5 $2 19. Rxe5 Rxe5 20. c4 $16) 19. Be4 Nxe5 $11) 18... exd4 $5 {Since Black has no adequate way of avoiding kingside weaknesses, he bravely plays for material grabbing.} (18... h6 19. dxe5 Nf4 20. Bh7+ Kh8 21. Qe4 $16) (18... g6 19. Nxe5 Nxe5 20. dxe5 Nf4 21. Ne4 $16 {[%csl Gf6]}) (18... N5f6 19. dxe5 Nxe5 20. Nxe5 Rxe5 21. c4 Rxe1+ 22. Rxe1 $36 {[%csl Yb5,Yf6,Yh7]}) 19. Bxh7+ Kh8 20. Nxd4 g6 21. Bxg6 fxg6 22. c4 N5f6 23. Qxg6 $36 {[%csl Yb7,Gh8]}) ({RR} 17. exd5 Nxd5 18. Qc2 N5f6 19. dxe5 Nxe5 20. Nxe5 Rxe5 21. c4 Rxe1+ 22. Rxe1 bxa4 23. Bxf6 axb3 24. Bxh7+ Kh8 25. Qe4 gxf6 26. Qh4 Bg7 27. Bf5+ Kg8 28. Re4 Qa5 29. Qh7+ Kf8 30. Nxb3 Qc3 31. Nc5 {1-0 (31) Sipila,V (2410)-Nieminen,M (1979) Naantali 2019}) ({RR} 17. axb5 cxb5 18. Qc2 exd4 19. c4 dxe4 20. Nxe4 Nxe4 21. Bxe4 Bxe4 22. Rxe4 d3 23. Rxe8 dxc2 24. Rxa8 bxc4 25. bxc4 Qb7 26. Rxf8+ Nxf8 27. Ba3 Qb1+ 28. Bc1 {0-1 (28) Wu,J (2009)-Chandra,A (2157) Calgary CAN 2023}) 17... Nxe5 18. Nxe5 Qxe5 19. Nf3 Qf4 {A brave decision. The queen is rather exposed here.} (19... Qh5 $5 20. e5 $140 Nd7 $11) 20. exd5 {Again, White refrains from complicating the game.} (20. e5 $5 {[%csl Gf4][%cal Yb2c1]} Ne4 21. Qc2 {would have led to a complex position, where Black's activity might be just apparent, while the exposed placement of his queen would offer White some tactical ideas.}) 20... Nxd5 21. c4 Nb4 22. Be5 Qh6 23. Be4 Rad8 24. Qb1 bxc4 25. bxc4 $11 {We can state that Black's strategy has been crowned with success. The usefullness of the dark-squared bishop on the a3-f8 diagonal is obvious. At the same time, the fact that he refrained from ...g6 ensures the return of the queen to the centre in the near future.} Ba8 26. Bc3 c5 27. Bxa8 Rxa8 28. Ne5 Qe6 29. Qb3 1/2-1/2

[Event "Moscow Tal Memorial 1st"]
[Site "Moscow"]
[Date "2006.11.11"]
[Round "5"]
[White "Carlsen, Magnus"]
[Black "Shirov, Alexei"]
[Result "1/2-1/2"]
[WhiteElo "2698"]
[BlackElo "2720"]
[PlyCount "59"]
[EventDate "2006.11.06"]
[EventType "tourn"]
[EventRounds "9"]
[EventCountry "RUS"]
[EventCategory "20"]
[SourceTitle "CBM 116"]
[Source "ChessBase"]
[SourceDate "2007.02.01"]
[SourceVersion "1"]
[SourceVersionDate "2007.02.01"]
[SourceQuality "1"]

1. e4 e5 2. Nf3 Nf6 3. Nxe5 d6 4. Nf3 Nxe4 5. d4 d5 6. Bd3 Bd6 7. O-O O-O 8. Re1 Bf5 9. Nc3 Nxc3 10. bxc3 Bxd3 11. Qxd3 ({RR} 11. cxd3 Nc6 12. c4 Bb4 13. Bd2 Bxd2 14. Qxd2 Qf6 15. cxd5 Nxd4 16. Nxd4 Qxd4 17. Rac1 Rac8 18. Re7 Qxd5 19. Rcxc7 Rxc7 20. Rxc7 h6 21. h3 Rd8 22. Qe3 Qxd3 23. Rxb7 Qxe3 24. fxe3 Rd1+ 25. Kh2 Rd3 {Wei Yi (2751)-Giri,A (2731) Wijk aan Zee NED 2025 ½-½ (38)}) 11... Nd7 12. Rb1 $146 ({RR} 12. c4 dxc4 13. Qxc4 h6 14. Qb3 b6 15. c4 c6 16. Bb2 Qc7 17. g3 Rfe8 18. Nh4 Bf8 19. Qf3 g6 20. Qb3 Bg7 21. Nf3 Rad8 22. Rad1 Qb8 23. Bc1 b5 24. Bf4 bxc4 25. Qxc4 Qb7 26. Rxe8+ Rxe8 {Hansen,E (2609)-Ivic,V (2562) Durres ALB 2023 ½-½ (34)}) ({RR} 12. c4 dxc4 13. Qxc4 c5 14. Rb1 Nb6 15. Qd3 Re8 16. Be3 cxd4 17. Bxd4 Rxe1+ 18. Rxe1 Bf8 19. h4 h6 20. Ne5 Qxh4 21. Nxf7 Kxf7 22. Qb3+ Kg6 23. Qd3+ Kf7 24. Qb3+ {½-½ (24) Stevic,H (2549)-Kadric,D (2584) Sarajevo BIH 2023}) 12... Nb6 13. Ng5 g6 14. Qh3 h5 15. g4 Qd7 16. gxh5 Rae8 17. Be3 Qxh3 18. Nxh3 gxh5 19. Bf4 Kg7 20. Rxe8 Rxe8 21. Bxd6 cxd6 22. Nf4 Kh6 23. Kg2 Kg5 24. Kf3 Rc8 25. Rb3 Rc4 26. Ra3 h4 27. h3 f5 28. Ne6+ Kf6 29. Nf4 Kg5 30. Ne6+ 1/2-1/2

[Event "Corus"]
[Site "Wijk aan Zee"]
[Date "2007.01.13"]
[Round "1"]
[White "Tiviakov, Sergei"]
[Black "Carlsen, Magnus"]
[Result "1/2-1/2"]
[WhiteElo "2667"]
[BlackElo "2690"]
[PlyCount "47"]
[EventDate "2007.01.13"]
[EventType "tourn"]
[EventRounds "13"]
[EventCountry "NED"]
[EventCategory "19"]
[SourceTitle "CBM 117"]
[Source "ChessBase"]
[SourceDate "2007.03.30"]
[SourceVersion "1"]
[SourceVersionDate "2007.03.30"]
[SourceQuality "1"]

1. e4 c5 2. c3 Nf6 3. e5 Nd5 4. Nf3 Nc6 5. Bc4 Nb6 6. Bb3 d5 7. exd6 Qxd6 8. Na3 a6 9. O-O Bf5 10. d4 cxd4 11. Nxd4 Nxd4 12. cxd4 e6 13. Qf3 Qd7 14. d5 Nxd5 15. Rd1 Bxa3 16. bxa3 O-O 17. h4 Rac8 18. Bxd5 exd5 19. Rxd5 Qe6 20. Rxf5 Qe1+ 21. Kh2 Rxc1 22. Rxc1 Qxc1 23. Qxb7 Qxa3 24. Qd5 $146 ({RR} 24. Qb3 Qxb3 25. axb3 Rb8 26. Rc5 g6 27. Rc6 a5 28. Rc5 Rb4 29. g3 a4 30. bxa4 Rxa4 31. h5 {½-½ (31) Stevic,H (2570)-Guseinov,G (2660) Batumi 2019}) 1/2-1/2

[Event "Corus"]
[Site "Wijk aan Zee"]
[Date "2007.01.16"]
[Round "4"]
[White "Carlsen, Magnus"]
[Black "Anand, Viswanathan"]
[Result "1/2-1/2"]
[WhiteElo "2690"]
[BlackElo "2779"]
[PlyCount "40"]
[EventDate "2007.01.13"]
[EventType "tourn"]
[EventRounds "13"]
[EventCountry "NED"]
[EventCategory "19"]
[SourceTitle "CBM 117"]
[Source "ChessBase"]
[SourceDate "2007.03.30"]
[SourceVersion "1"]
[SourceVersionDate "2007.03.30"]
[SourceQuality "1"]

1. e4 {Ftacnik,Lubomir} c5 2. Nf3 d6 3. d4 cxd4 4. Nxd4 Nf6 5. Nc3 a6 6. Be3 e5 7. Nf3 Be7 8. Bc4 O-O 9. O-O Be6 10. Bb3 Nc6 11. Bg5 Nd7 ({RR} 11... Na5 12. Bxf6 ({RR} 12. Qd3 Rc8 13. Rfd1 Nxb3 14. axb3 Rc6 15. Bxf6 Bxf6 16. Nd5 Bxd5 17. Qxd5 Rxc2) 12... Bxf6 13. Nd5 Nxb3 ({RR} 13... Bg5 14. Qd3 Rc8 15. Rfd1 Kh8 16. Nc3 Be7 17. Nd5 Bg5 18. Kh1 Bh6 19. Nc3 Nxb3 20. axb3 Qb6 21. Kg1 Rc6 22. Qe2) 14. axb3 Bg5 15. Qd3 Bh6 16. Rad1 Rc8 17. Nd2 b5 18. c3 Kh8 19. b4 Ra8 20. Nb3 f5 21. Na5 Rc8 22. Qh3 Rf7 23. Rfe1) 12. Bxe7 Qxe7 13. Nd5 ({RR} 13. Qd2 Nc5 14. Rad1 Rad8 15. Qe3 Nxb3 16. axb3 f5 17. Nd5 Qd7 18. Ng5 Nd4 19. Nxe6 Qxe6 20. c3) 13... Qd8 14. c3 Na5 ({RR} 14... Nc5 15. Bc2 a5 16. Qd2 Ne7 17. Ne3 a4 18. Rfd1 f6 19. Qxd6 Qxd6 20. Rxd6 Rfd8 21. Rxd8+ Rxd8 22. Kf1 Rd6 23. Ke1 Rb6) 15. Bc2 ({RR} 15. Re1 Rc8 16. h3 Nb6 ({RR} 16... Nxb3 17. axb3 f5) 17. Nxb6 Qxb6 18. Bxe6 fxe6 19. Re2 Rc6 ({RR} 19... Qc6 20. Qd3 b5) 20. Qd3 Qc7 21. Rd1 Nc4 ({RR} 21... Rf6 22. Nd2 b5) 22. b3 Nb6 23. c4 Nc8 ({RR} 23... Nd7 24. b4 Nb6 25. Ng5 Re8 26. b5 Rc5 27. Qxd6 Qxd6 28. Rxd6 Nxc4 29. Rc2 axb5) 24. Red2 h6 25. Qe2 Kh7 26. h4 Qb6 27. h5 Qc5 ({RR} 27... Qc7 28. Ne1 Qe7 29. Qg4) 28. Ne1 Rc7 29. Nd3 Qc6 {Anand,V (2792)-Leko,P (2740) Wijk aan Zee 2006 CBM 111 [Ftacnik,Lubomir] 1-0 (49)}) ({RR} 15. Re1 b5 16. Nd2 Nb6 17. Nf1 Nxb3 18. axb3 Nxd5 19. exd5 Bd7 20. Qd2 Qh4 21. Ra5 f5 22. Rea1 Bc8 23. Rxb5 f4 24. f3 e4 25. Rb4 exf3 26. gxf3 Rf6 27. Qe1 Rg6+ 28. Kh1 Qd8 29. Rxf4 Bb7 {Syrkiewicz,M (2048)-Zombirt,F (1966) Wroclaw POL 2025 1-0 (45)}) 15... Nc4 $146 ({RR} 15... Rc8 16. Ne3 Nc4 17. Nxc4 Bxc4 18. Re1 Nf6 19. Bb3 b5 20. Bxc4 Rxc4 21. Qd3 Qb6 22. Rad1 Rc6 23. Rd2 a5 24. Red1 Rfc8 25. Nh4 g6 26. Qf3 Qd8 27. g3 b4 28. c4 Kg7 29. b3 Qb6 30. Ng2 {Maetzkow,M (2248)-Fromm,M (2326) Germany 2021 1-0 (63)}) ({RR} 15... Rc8) ({RR} 15... b5 16. a4 Nb6 17. axb5 axb5 18. Qd3 Bd7 19. Nxb6 Qxb6 20. Nxe5 Be6 21. b4 dxe5 22. bxa5 Rxa5 23. Rxa5 Qxa5 24. Rd1 h6 25. Rb1 Bc4 26. Qe3 Qa2 27. Qc1 Qa5 {½-½ (27) Ten Hertog,H (2037)-Ducarmon,Q (2049) Venlo 2008}) 16. b3 Na3 ({RR} 16... Ncb6 17. Ne3) 17. Ne3 Nxc2 18. Qxc2 Rc8 19. Rfd1 Rc6 20. Rac1 b5 1/2-1/2